Score 0/25 Timer 07:00
3 Plays Today
% Correct
Austin Powers: International Man of Mystery
92.7%
Iron Man 3
89.9%
The Lord of the Rings: The Return of the King
85.3%
Toy Story 3
84.2%
8 Mile
82.7%
The Flintstones
82.6%
Fargo
71.2%
Horrible Bosses
71.1%
Batman Forever
68.9%
The Shining
68.6%
Dead Poets Society
56.2%
The Adventures of Tintin: The Secret of the Unicorn
51.9%
Indiana Jones and the Kingdom of the Crystal Skull
51.6%
% Correct
Hocus Pocus
46.4%
Napoleon Dynamite
42.5%
The Avengers
40.4%
Oz the Great and Powerful
34.5%
Octopussy
34.3%
Predator
34.3%
Love & Other Drugs
28%
The Royal Tenenbaums
23%
Enchanted
22.5%
Divergent
16.5%
Riddick
12.8%
Carrie
5.6%
Remove Ads.
Support Sporcle.
Get the best of Sporcle when you Go Orange. This ad-free experience offers more features, more stats, and more fun while also helping to support Sporcle. Thank you for becoming a member.

You're not logged in!

Compare scores with friends on all Sporcle quizzes.
OR
Log In

Show Comments

Extras

Top Quizzes Today


Score Distribution

Your Account Isn't Verified!

In order to create a playlist on Sporcle, you need to verify the email address you used during registration. Go to your Sporcle Settings to finish the process.

Report this User

Report this user for behavior that violates our Community Guidelines.

Details: